| 000 | 00816nam a22002297i 4500 | ||
|---|---|---|---|
| 999 |
_c22765 _d22765 |
||
| 003 | AR-CdUCM | ||
| 008 | 240119b20212021pe ||||| |||| 00| 0 spa d | ||
| 040 |
_aMUNICIPALIDAD PROVINCIAL DEL CUSCO _cBIBLIOTECA MUNICIPAL DEL CUSCO |
||
| 041 | _hspa | ||
| 082 |
_a985.632 / C21 _bC21 |
||
| 100 |
_aCalderón Gutiérrez, Ricardo _917889 |
||
| 245 | _aEstampas de Ocobamba I / | ||
| 260 |
_aOcobamba-Apurimac : _c2021 |
||
| 300 |
_a132 páginas. : _c21 cm. |
||
| 505 | _aServicios de Ocobamba -- Estampas del autor -- El curandero del pueblo -- El precio de la educación -- Un robo perfecto -- Los carnavales. | ||
| 650 |
_aDesarrollo de Ocobamba _949409 |
||
| 650 |
_aEstampas _949335 |
||
| 650 |
_aCurandero del pueblo _949336 |
||
| 650 |
_aCarnavales _910151 |
||
| 942 |
_2ddc _cLIBROS |
||
| 945 |
_apbj _d19-01-2024 |
||